Statistics for Napa Valley Wine Regions

Click here to take the quiz!

General Stats

  • This quiz has been taken 14 times
  • The average score is 7 of 15

Answer Stats

HintAnswer% Correct
Calistoga
78%
overlaps West into Southern SonomaCarneros
78%
Oakville
78%
Rutherford
67%
Yountville
67%
Stag's Leap
56%
St. Helena
56%
Howell Mountain
44%
Oak Knoll
33%
Spring Valley
33%
Atlas Peak
22%
Chiles Valley
22%
Diamond Peak
22%
Coombsville
11%
overlaps into Solano CountyWhitehorse
11%

Score Distribution

Percentile by Number Answered

Percent of People with Each Score

Your Score History

You have not taken this quiz